Je záporná důchodová daň řešením?

Jednotný príspevok 140 Kčs mesačne poskytovaný všetkým občanom ako kompenzácia zvýšenia cien potravín predstavuje zápornú dôchodkovú daň z hlavy. Analýza malej účinnosti tejto dane a názor, že v dohľadnej dobe by sa mal tento štátny vyrovnávací príspevok zrušiť v nadväznosti na nový model sociálnych...

Descrizione completa

Salvato in:
Dettagli Bibliografici
Autore principale: Vostatek, Jaroslav
Natura: Capitolo di libro
Lingua:ceco
Soggetti:
Tags: Aggiungi Tag
Nessun Tag, puoi essere il primo ad aggiungerne!!

MARC

LEADER 00000naa a2200000 4500
001 r002275
005 20221125080035.9
041 0 |a cze 
044 |a [CS] 
245 1 0 |a Je záporná důchodová daň řešením?  |c J. Vostatek 
520 |a Jednotný príspevok 140 Kčs mesačne poskytovaný všetkým občanom ako kompenzácia zvýšenia cien potravín predstavuje zápornú dôchodkovú daň z hlavy. Analýza malej účinnosti tejto dane a názor, že v dohľadnej dobe by sa mal tento štátny vyrovnávací príspevok zrušiť v nadväznosti na nový model sociálnych dávok. 
610 2 0 |a dane dôchodkové 
610 2 0 |a dane z obratu 
610 2 0 |a politika sociálna 
610 2 0 |a USA 
610 2 0 |a ČSFR 
100 1 |a Vostatek, Jaroslav